000
00342nam a2200133Ia 4500
100
_a
Malik/ S.
650
_a
General
942
_c
BK
654
_a
Indian boiler regulations 1950
245
_a
Commentries on Indian Boiler Regulations 1950
260
_b
Law Publishers (I) Pvt
_a
Allahabad
_c
1993
546
_a
ENGLISH
999
_c
27672
_d
27672